UBT Library

Shkulësit e Përjetshëm (Record no. 60986)

000 -LEADER
fixed length control field 00284nam a22001217a 4500
008 - FIXED-LENGTH DATA ELEMENTS--GENERAL INFORMATION
fixed length control field 260421b ||||| |||| 00| 0 eng d
041 ## - LANGUAGE CODE
Language code of text/sound track or separate title Shqip
080 ## - UNIVERSAL DECIMAL CLASSIFICATION NUMBER
Universal Decimal Classification number 0.1
100 ## - Rafti
Rafti 40
101 ## - Shkurtesa
Shkurtesa Gjuhe dhe leteresi
245 ## - TITLE STATEMENT
Title Shkulësit e Përjetshëm
Statement of responsibility, etc Arif Demolli
942 ## - ADDED ENTRY ELEMENTS (KOHA)
Source of classification or shelving scheme
Item type Books
Holdings
Withdrawn status Lost status Source of classification or shelving scheme Damaged status Not for loan Collection code Permanent location Current location Date acquired Total Checkouts Barcode Date last seen Price effective from Koha item type
          Koleksioni i përgjithshem UBT - Lipjan UBT - Lipjan 04/21/2026   003-800070999106 04/21/2026 04/21/2026 Books
          Koleksioni i përgjithshem UBT - Lipjan UBT - Lipjan 04/24/2026   003-800070999662 04/24/2026 04/24/2026 Books
          Koleksioni i përgjithshem UBT - Lipjan UBT - Lipjan 04/24/2026   003-800070999663 04/24/2026 04/24/2026 Books
UBT Library © 2015-2024. All rights reserved University Education for Business and Technology